| 000 | 00642nam a2200181Ia 4500 | ||
|---|---|---|---|
| 008 | 151121s9999||||xx |||||||||||||| ||und|| | ||
| 082 | _a781/गर्ग | ||
| 082 | _bHNW-58579 | ||
| 100 | _aगर्ग लक्ष्मीनारायण-संपा। | ||
| 245 | _aसगीत खमाज अंक | ||
| 260 | _c-- | ||
| 300 | _a168 | ||
| 600 | _aगर्ग लक्ष्मीनारायण-संपा। | ||
| 630 | _aसगीत खमाज अंक | ||
| 700 | _aगर्ग लक्ष्मीनारायण-संपा। | ||
| 730 | _aसगीत खमाज अंक | ||
| 942 | _cBOOK | ||
| 999 |
_c1240387 _d1240384 |
||